Nursing Foundation - I (Record no. 1838)

MARC details
000 -LEADER
Fixed length control field 00672nam a22002417a 4500
003 - CONTROL NUMBER IDENTIFIER
Control field IIN
005 - DATE AND TIME OF LATEST TRANSACTION
Control field 20250526115602.0
008 - FIXED-LENGTH DATA ELEMENTS--GENERAL INFORMATION
Fixed length control field 250526s2023 |||adc|| |||| 00| 0 eng d
020 ## - INTERNATIONAL STANDARD BOOK NUMBER / ISBN
International Standard Book Number 9788119115167
Price Rs.700.00
040 ## - CATALOGING SOURCE
Original cataloging agency IIN
082 ## - DEWEY DECIMAL CLASSIFICATION NUMBER
Classification number 610.73
Book Number GAN
100 ## - MAIN ENTRY--PERSONAL NAME
Personal name Ganesan, Mahesvari
245 ## - TITLE STATEMENT
Title Nursing Foundation - I
Sub title Including First and Module Bsc. Nursing (Semester - I)/
Statement of responsibility Mahesvari Ganesan [et al.]
260 ## - IMPRINT
Place of publication Pune
Name of publisher Nirali
Date of publication 2023
300 ## - PHYSICAL DESCRIPTION
Other physical details ill.
500 ## - GENERAL NOTE
General note Includes Index
650 ## - SUBJECT ADDED ENTRY--TOPICAL TERM
Topical term Foundation
Form subdivision Nursing
700 ## - ADDED ENTRY--PERSONAL NAME
Personal name S., Ramesh
700 ## - ADDED ENTRY--PERSONAL NAME
Personal name M., Priya P.
700 ## - ADDED ENTRY--PERSONAL NAME
Personal name T., Linda Daphane
700 ## - ADDED ENTRY--PERSONAL NAME
Personal name Darbar, Sejalkunvaraba
942 ## - ADDED ENTRY ELEMENTS (KOHA)
Koha item type Books
Holdings
Withdrawn status Lost status Source of classification Damaged status Not for loan Collection code Home library Current library Shelving location Date acquired Price Total Checkouts Call number Accession number Date last seen Price effective from Koha item type
    Dewey Decimal Classification     Purches Book IDEAL INSTITUTE OF NURSING IDEAL INSTITUTE OF NURSING General Stacks 11/03/2025 700.00   610.73 GAN 2067 26/05/2025 26/05/2025 Books
© Ideal Institute Of Nursing, All rights reserved.         Powered by Koha